000 00259nam a2200121Ia 4500
100 _aPetroutsos/Evangelos
942 _cBK
654 _aComputer
245 _aMastering Visual Basic 5
260 _bBPB
_aNew Delhi
_c1997
546 _aENGLISH
999 _c27367
_d27367